00873 a2200229 4500001000700000020001800007040003200025100001700057245003100074250001300105260001700118300002900135362000900164490001200173520034100185650002600526650002400552650001900576650001100595650002100606650001600627128158 a9781407191942 cEscola Canadense de Niteroi aPilkey, Dav 10aDog Man: Brawl of the Wild a1st. ed. aNew York, NY a224 p.c2 x 1.4 x 21 cm.0 a20200 aDog Man aThe SIXTH book in the hilarious series from the creator of Captain Underpants! Is Dog Man bad to the bone? The heroic hound is sent to the pound for a crime he didn't commit! While his pals work to prove his innocence, Dog Man struggles to find his place among dogs and people. Being a part of both worlds, will he ever fit in with one? 4aChildren's Literature 4aAction or Adventure 4aGraphic novels 4aPolice 4aHumorous stories 4aComic Books